<?xml version="1.0" encoding="UTF-8"?>
<record
    xmlns:xsi="http://www.w3.org/2001/XMLSchema-instance"
    xsi:schemaLocation="http://www.loc.gov/MARC21/slim http://www.loc.gov/standards/marcxml/schema/MARC21slim.xsd"
    xmlns="http://www.loc.gov/MARC21/slim">

  <leader>02234nam a2200349 a 4500</leader>
  <controlfield tag="001">000035738</controlfield>
  <controlfield tag="005">20200930074555.0</controlfield>
  <controlfield tag="008">111109s19671969es ac         000 0 spa d</controlfield>
  <datafield tag="040" ind1=" " ind2=" ">
    <subfield code="a">DO-SdBNP</subfield>
    <subfield code="b">spa</subfield>
    <subfield code="c">BNPHU</subfield>
  </datafield>
  <datafield tag="245" ind1="0" ind2="3">
    <subfield code="a">Las metamorfosis de la humanidad :</subfield>
    <subfield code="b">una historia del arte y el mundo /</subfield>
    <subfield code="c">bajo la direcci&#xF3;n de Robert Philippe ; traducci&#xF3;n al espa&#xF1;ol Jos&#xE9; M. Claramunda ; revisi&#xF3;n de textos Francisco Luis Cardona, &#xC1;ngel CarmonaRistol.</subfield>
  </datafield>
  <datafield tag="260" ind1=" " ind2=" ">
    <subfield code="a">Barcelona :</subfield>
    <subfield code="b">Editorial Bruguera,</subfield>
    <subfield code="c">1967-1969.</subfield>
  </datafield>
  <datafield tag="300" ind1=" " ind2=" ">
    <subfield code="a">v. :</subfield>
    <subfield code="b">il., mapas ;</subfield>
    <subfield code="c">26 cm.</subfield>
  </datafield>
  <datafield tag="500" ind1=" " ind2=" ">
    <subfield code="a">v.5 1100/1300 La &#xE9;poca de las catedrales ; La tradici&#xF3;n del color opaco ; la novedad del color transl&#xFA;cido ; el anhelo de luz ; el espacio en profundidad: la perspectiva.</subfield>
  </datafield>
  <datafield tag="500" ind1=" " ind2=" ">
    <subfield code="a">La biblioteca posee los vs. 1-4</subfield>
  </datafield>
  <datafield tag="505" ind1="0" ind2=" ">
    <subfield code="g">v.1 400/700</subfield>
    <subfield code="t">La &#xE9;poca de las invasiones : La barbarie, madre de civilizaciones /</subfield>
    <subfield code="r">por Edouard Salin --</subfield>
    <subfield code="r">traducci&#xF3;n al espa&#xF1;ol : Fernando Corripio. --</subfield>
    <subfield code="g">v. 2 700/900</subfield>
    <subfield code="t">La &#xE9;poca de la Guerra Santa ; un arte mayest&#xE1;tico /</subfield>
    <subfield code="r">por Jerzy Gassowsky, Andrzej Jakimovicz, Stanislas Tabacynski --</subfield>
    <subfield code="r">traducci&#xF3;n al espa&#xF1;ol Ferm&#xED;n Mu&#xF1;oz. --</subfield>
  </datafield>
  <datafield tag="505" ind1="0" ind2=" ">
    <subfield code="g">v.3 900/1100</subfield>
    <subfield code="t">Dios, el mundo en Peligro : el a&#xF1;o mil /</subfield>
    <subfield code="r">han colaborado destacadamente en este volumen : Jerzy Gassowski, Jean Gl&#xE9;nisson, Philipe Sussel -- traducci&#xF3;n al espa&#xF1;ol : Josefa Armangu&#xE9;.--</subfield>
    <subfield code="g">v.4 1300/1500</subfield>
    <subfield code="t">Una &#xE9;poca de las calamidades ; Los descubrimientos del mundo /</subfield>
    <subfield code="r">por Jean Glenisson con la colaboraci&#xF3;n de F. J. Fino -- traducci&#xF3;n al espa&#xF1;ol : Ferm&#xED;n Mu&#xF1;oz. --</subfield>
  </datafield>
  <datafield tag="534" ind1=" " ind2=" ">
    <subfield code="a">T&#xED;tulo original.</subfield>
    <subfield code="t">Le temps des cathedrales</subfield>
  </datafield>
  <datafield tag="534" ind1=" " ind2=" ">
    <subfield code="a">T&#xED;tulo original.</subfield>
    <subfield code="t">L an Mille</subfield>
  </datafield>
  <datafield tag="534" ind1=" " ind2=" ">
    <subfield code="a">T&#xED;tulo original</subfield>
    <subfield code="t">Le temps de la guerre sainte</subfield>
  </datafield>
  <datafield tag="534" ind1=" " ind2=" ">
    <subfield code="a">T&#xED;tulo original.</subfield>
    <subfield code="t">La barbarie</subfield>
  </datafield>
  <datafield tag="590" ind1=" " ind2=" ">
    <subfield code="a">Perteneci&#xF3; a la biblioteca personal de Juan Isidro Jimenes Grull&#xF3;n.</subfield>
  </datafield>
  <datafield tag="700" ind1="1" ind2="2">
    <subfield code="a">Philippe, Robert,</subfield>
    <subfield code="e">ed.</subfield>
    <subfield code="9">61680</subfield>
  </datafield>
  <datafield tag="700" ind1="1" ind2="2">
    <subfield code="a">Cardona, Francisco Luis,</subfield>
    <subfield code="9">61681</subfield>
  </datafield>
  <datafield tag="700" ind1="1" ind2="2">
    <subfield code="a">Carmona Ristol, &#xC1;ngel,</subfield>
    <subfield code="9">61682</subfield>
  </datafield>
  <datafield tag="700" ind1="1" ind2="2">
    <subfield code="a">Claramunda, Jos&#xE9; M.,</subfield>
    <subfield code="9">61683</subfield>
  </datafield>
  <datafield tag="740" ind1="3" ind2=" ">
    <subfield code="a">La barbarie.</subfield>
  </datafield>
  <datafield tag="740" ind1="1" ind2="2">
    <subfield code="a">El a&#xF1;o mil.</subfield>
  </datafield>
  <datafield tag="740" ind1="1" ind2="2">
    <subfield code="a">La &#xE9;poca de la guerra santa.</subfield>
  </datafield>
  <datafield tag="740" ind1="1" ind2="2">
    <subfield code="a">Los descubrimientos del mundo.</subfield>
  </datafield>
  <datafield tag="740" ind1="1" ind2="2">
    <subfield code="a">Las &#xE9;poca de las catedrales.</subfield>
  </datafield>
  <datafield tag="049" ind1=" " ind2=" ">
    <subfield code="a">BNPD</subfield>
  </datafield>
  <datafield tag="952" ind1=" " ind2=" ">
    <subfield code="0">0</subfield>
    <subfield code="1">0</subfield>
    <subfield code="5">0</subfield>
    <subfield code="7">1</subfield>
    <subfield code="8">MO</subfield>
    <subfield code="a">GR</subfield>
    <subfield code="b">GR</subfield>
    <subfield code="c">CT</subfield>
    <subfield code="d">2011-11-09</subfield>
    <subfield code="i">LF1</subfield>
    <subfield code="l">0</subfield>
    <subfield code="o">v. 3</subfield>
    <subfield code="p">35738-30</subfield>
    <subfield code="r">2020-06-25</subfield>
    <subfield code="w">2020-06-25</subfield>
    <subfield code="y">1</subfield>
    <subfield code="z">Perteneci&#xF3; a la biblioteca personal de Juan Isidro Jimenes Grull&#xF3;n.</subfield>
    <subfield code="Z">No se presta</subfield>
  </datafield>
  <datafield tag="952" ind1=" " ind2=" ">
    <subfield code="0">0</subfield>
    <subfield code="1">0</subfield>
    <subfield code="5">0</subfield>
    <subfield code="7">1</subfield>
    <subfield code="8">MO</subfield>
    <subfield code="a">GR</subfield>
    <subfield code="b">GR</subfield>
    <subfield code="c">CT</subfield>
    <subfield code="d">2011-11-09</subfield>
    <subfield code="i">LF1</subfield>
    <subfield code="l">0</subfield>
    <subfield code="o">v. 2</subfield>
    <subfield code="p">35738-40</subfield>
    <subfield code="r">2020-06-25</subfield>
    <subfield code="w">2020-06-25</subfield>
    <subfield code="y">1</subfield>
    <subfield code="z">Perteneci&#xF3; a la biblioteca personal de Juan Isidro Jimenes Grull&#xF3;n.</subfield>
    <subfield code="Z">No se presta</subfield>
  </datafield>
  <datafield tag="952" ind1=" " ind2=" ">
    <subfield code="0">0</subfield>
    <subfield code="1">0</subfield>
    <subfield code="5">0</subfield>
    <subfield code="7">1</subfield>
    <subfield code="8">MO</subfield>
    <subfield code="a">GR</subfield>
    <subfield code="b">GR</subfield>
    <subfield code="c">CT</subfield>
    <subfield code="d">2011-11-09</subfield>
    <subfield code="i">LF1</subfield>
    <subfield code="l">0</subfield>
    <subfield code="o">v. 4</subfield>
    <subfield code="p">V</subfield>
    <subfield code="r">2020-06-25</subfield>
    <subfield code="w">2020-06-25</subfield>
    <subfield code="y">1</subfield>
    <subfield code="z">Perteneci&#xF3; a la biblioteca personal de Juan Isidro Jimenes Grull&#xF3;n.</subfield>
    <subfield code="Z">No se presta</subfield>
  </datafield>
  <datafield tag="952" ind1=" " ind2=" ">
    <subfield code="0">0</subfield>
    <subfield code="1">0</subfield>
    <subfield code="5">0</subfield>
    <subfield code="7">1</subfield>
    <subfield code="8">RV</subfield>
    <subfield code="a">GR</subfield>
    <subfield code="b">GR</subfield>
    <subfield code="c">CT</subfield>
    <subfield code="d">2011-11-09</subfield>
    <subfield code="i">LF1</subfield>
    <subfield code="l">0</subfield>
    <subfield code="o">v. 1</subfield>
    <subfield code="p">35738-10</subfield>
    <subfield code="r">2020-06-25</subfield>
    <subfield code="w">2020-06-25</subfield>
    <subfield code="y">1</subfield>
    <subfield code="z">Perteneci&#xF3; a la biblioteca personal de Juan Isidro Jimenes Grull&#xF3;n.</subfield>
    <subfield code="Z">No se presta</subfield>
  </datafield>
  <datafield tag="999" ind1=" " ind2=" ">
    <subfield code="c">35229</subfield>
    <subfield code="d">35229</subfield>
  </datafield>
</record>
